000
00301nam a22001337a 4500
008
260312b ||||| |||| 00| 0 eng d
020
_a
180097794
041
_a
eng
080
_a
2.1
100
_a
32.1
101
_a
jur
245
_a
Qendra Kërkimore Zhvillimore - Peja
_c
Reviste
942
_2
udc
_c
BK
999
_c
60887
_d
60887